Лабиринтные насосы для химической промышленности

التفاصيل البيبلوغرافية
المؤلف الرئيسي: Голубев А. И. Алексей Иванович
اللغة:الروسية
منشور في: Москва, Машгиз, 1961
الموضوعات:
التنسيق: MixedMaterials كتاب
KOHA link:https://koha.lib.tpu.ru/cgi-bin/koha/opac-detail.pl?biblionumber=337827

MARC

LEADER 00000nam0a2200000 4500
001 337827
005 20231102005005.0
035 |a (RuTPU)RU\TPU\book\364315 
090 |a 337827 
100 |a 20171114d1961 km y0rusy50 ca 
101 0 |a rus 
102 |a RU 
105 |a a z 001zy 
200 1 |a Лабиринтные насосы для химической промышленности  |f А. И. Голубев 
210 |a Москва  |c Машгиз  |d 1961 
215 |a 75 с.  |c ил. 
320 |a Библиогр.: с. 74 
606 1 |a Насосы лабиринтные  |x Химическая промышленность  |2 stltpush  |3 (RuTPU)RU\TPU\subj\31346  |9 54220 
610 1 |a рабочие процессы 
610 1 |a жидкости 
610 1 |a движение 
610 1 |a трение 
610 1 |a экспериментальные исследования 
610 1 |a напор 
610 1 |a коэффициенты 
675 |a 66.026.2  |v 4 
700 1 |a Голубев  |b А. И.  |g Алексей Иванович 
801 1 |a RU  |b 63413507  |c 20171114 
801 2 |a RU  |b 63413507  |c 20171114  |g RCR 
942 |c BK